| 000 | 01030nam a22002297a 4500 | ||
|---|---|---|---|
| 005 | 20211201161345.0 | ||
| 008 | s2523 th tha d | ||
| 040 | _aNALT | ||
| 041 | _atha | ||
| 090 | _aอศ อ864อ | ||
| 245 | 1 | 0 | _aอนุสรณ์งานพระราชทานดินและเครื่องขมาในพิธีบรรจุศพ ดร.อุษา พรประภา |
| 260 | 3 |
_aกรุงเทพฯ : _bไทยวัฒนาพานิช, _c2523 |
|
| 300 |
_a380 หน้า : _b ภาพประกอบ |
||
| 650 | 0 | 4 | _aการพัฒนาชนบท -- เกาหลี |
| 650 | 0 | 4 | _aญี่ปุ่น -- ประวัติศาสตร์ -- 1868--1912 |
| 650 | 0 | 4 | _aธรรมเทศนา |
| 650 | 0 | 4 | _aพิชัยสงคราม |
| 650 | 0 | 4 | _aอุษา พรประภา -- ชีวประวัติ |
| 850 | _aNALT | ||
| 856 | 4 | 0 | _uhttps://dl.parliament.go.th/handle/lirt/589079 |
| 942 |
_cCRE _2lcc |
||
| 999 |
_c23719 _d23719 |
||
| 998 |
_j4612 _k วัลยา พุ่มต้นวงค์ |
||